WATER ENGINEERING AND LANDSCAPE, WATER CONTROL AND LANDSCAPE TRANSFORMATION IN THE MODERN PERIOD. (Record no. 1157854)

MARC details
000 -LEADER
fixed length control field 00360nam a2200109Ia 4500
008 - FIXED-LENGTH DATA ELEMENTS--GENERAL INFORMATION
fixed length control field 240521s1999 xx 000 0 und d
041 ## - LANGUAGE CODE
Language code of text/sound track or separate title eng
100 ## - MAIN ENTRY--PERSONAL NAME
Personal name ED. COSGROVE D.& PETTS G.
245 ## - TITLE STATEMENT
Title WATER ENGINEERING AND LANDSCAPE, WATER CONTROL AND LANDSCAPE TRANSFORMATION IN THE MODERN PERIOD.
260 ## - PUBLICATION, DISTRIBUTION, ETC.
Name of publisher, distributor, etc. C.B.S. PUBLISERS 8D DELHI- 32
Date of publication, distribution, etc. 1999
300 ## - PHYSICAL DESCRIPTION
Extent 214

No items available.